Swimming III : proceedings of the Third International Symposium of Biomechanics in Swimming, University of Alberta, Edmonton, Canada /

Bibliographic Details
Corporate Author: International Symposium of Biomechanics in Swimming University of Alberta
Other Authors: Terauds, Juris, Bedingfield, E. Wendy
Format: Conference Proceeding Book
Language:English
Published: Baltimore : University Park Press, [1979]
Series:International series on sport sciences ; v. 8.
Subjects:

MARC

Tag First Indicator Second Indicator Subfields
LEADER 00000cam a2200000 i 4500
001 in00000050659
005 20151007073817.0
008 790213s1979 mdua b 10010 eng
010 |a  79004170  
020 |a 0839113528 
035 |a (OCoLC)04776426 
035 |9 AAF0426AM 
040 |a DLC  |c DLC  |d CLU  |d SBH  |d TXA  |d UtOrBLW 
049 |a TXAM  |c [1191966] 
050 0 0 |a QP310.S95  |b I56 1978 
060 0 |a W3 IN912B 3d 1978s  |a [QT 260 I615 1978s] 
082 0 |a 612/.76 
111 2 |a International Symposium of Biomechanics in Swimming  |n (3d :  |d 1978 :  |c University of Alberta) 
245 1 0 |a Swimming III :  |b proceedings of the Third International Symposium of Biomechanics in Swimming, University of Alberta, Edmonton, Canada /  |c edited by Juris Terauds and E. Wendy Bedingfield. 
264 1 |a Baltimore :  |b University Park Press,  |c [1979] 
264 4 |c ©1979 
300 |a xiii, 345 pages :  |b illustrations ;  |c 24 cm. 
336 |a text  |b txt  |2 rdacontent 
337 |a unmediated  |b n  |2 rdamedia 
338 |a volume  |b nc  |2 rdacarrier 
490 1 |a International series on sport sciences ;  |v v. 8 
504 |a Includes bibliographies. 
650 0 |a Swimming  |x Congresses. 
650 0 |a Human mechanics  |v Congresses. 
650 2 |a Biomechanical Phenomena  |x congresses. 
650 2 |a Swimming  |x congresses. 
700 1 |a Terauds, Juris. 
700 1 |a Bedingfield, E. Wendy. 
830 0 |a International series on sport sciences ;  |v v. 8. 
999 |a MARS 
999 f f |s 7ffceda3-d379-309a-b0b2-9bf42ecdab5f  |i f45ea85b-2f0b-3afc-9f87-fc2125316635  |t 0 
952 f f |p ric  |a Texas A&M University  |b Rellis Campus  |c Joint Library Facility  |d Remote Storage  |t 0  |e QP310.S95 I56 1978  |h Library of Congress classification  |i unmediated -- volume  |m A14805007981 
998 f f |a QP310.S95 I56 1978  |t 0  |l Remote Storage